Datum a čas kvízu
36.5
Celkem bodů
Celkový počet nahraných bodů na tomto kvízu bez doplňovacích otázek.
6.
Pořadí na kvízu
Konečné umístění týmu na tomto kvízu.
Zaznamenané odpovědi
| # | Otázka | Odpověď | Body | Výsledky |
|---|---|---|---|---|
| 1. | Ve středu rozhodl Ústavní soud... | Milion chvilek pro demokracii | 0 | |
| 2. | V pondělí proběhla inaugurace... | Michelle Obama | 0 | |
| 3. | Reality show Bachelor ve střed... | Sabina (Pšádová) | 1 | |
| 4. | Automobilka Citroën již zaháji... | 2CV (Kachna, Kačena, Kachnička) | 1 | |
| 5. | Úterní zápas fotbalové Ligy mi... | Benfica (Lisabon), Barcelona | 0.5 | |
| 6. | Za půl bodu napište, jak se jm... | Tři soutěsky; Čína | 1 | |
| 7. | Kterým přídavným jménem na 11... | geotermální | 1 | |
| 8. | Akademik Lomonosov je ruská ja... | B | 1 | |
| 9. | Soustava Niagarských vodních e... | o Nikolu Teslu | 1 | |
| 10. | Téma zakončíme v České republi... | 4 | 0 |